Statistics for So Exciting(The Pitch Song) All Lyrics from Moulin Rouge Stage Version

Click here to take the quiz!

General Stats

  • This quiz has been taken 61 times
  • The average score is 344 of 391

Answer Stats

Sung By:Answer% Correct
a
100%
Christian | Christian
& Satine
| Santiago | +2 others
A
100%
an
100%
Satine | ToulouseAnd
100%
Christian | Santiago | Satine | Zidlerand
100%
be
100%
AllSo
100%
so
100%
The
100%
the
100%
there
100%
in
96%
it!
96%
it
96%
love.
96%
love,
96%
love
96%
ChristianLove
96%
me.
96%
me
96%
me!
96%
MenMe
96%
Santiago | ZidlerNo,
96%
no,
96%
no
96%
of
96%
one
96%
our
96%
see
96%
sex!
96%
singing
96%
some
96%
that
96%
we
96%
We
96%
who
96%
all
93%
best
93%
Satine | Toulouse | ZidlerBut
93%
Toulousebut
93%
ZidlerDancing,
93%
day
93%
SantiagoEcstasy!
93%
end
93%
endures.
93%
entrepreneurs.
93%
for
93%
from
93%
go.
93%
has
93%
All | SatineHe
93%
he
93%
her
93%
her.
93%
He's
93%
he's
93%
its
93%
lover.
93%
lovers
93%
man
93%
man.
93%
meets
93%
not
93%
pain
93%
pain,
93%
plays
93%
Sacre
93%
Satine
93%
SatineShe
93%
she
93%
She's
93%
show
93%
singers
93%
ToulouseSweet
93%
tale
93%
That's
93%
that's
93%
ChristianThere'll
93%
these
93%
thin
93%
with
93%
ToulouseYes,
93%
avenue.
89%
before!
89%
black
89%
down
89%
dress
89%
each
89%
exciting,
89%
family
89%
family!
89%
filthy
89%
high
89%
loneliness.
89%
low.
89%
money!
89%
night
89%
obscure
89%
out
89%
rather
89%
shadows
89%
shore.
89%
sick
89%
sparrow
89%
stands
89%
sun
89%
tells
89%
things
89%
those
89%
up
89%
wears
89%
will
89%
above.
85%
above!
85%
along
85%
any
85%
as
85%
been
85%
both
85%
by
85%
changes
85%
Coeur.
85%
days.
85%
dear
85%
ToulouseDepravity!
85%
even
85%
everything
85%
God
85%
is
85%
kicks
85%
like
85%
now
85%
rain,
85%
run
85%
sailor!
85%
sailor
85%
through
85%
to
85%
trick
85%
unlike
85%
upon
85%
when
85%
woe,
85%
ToulouseWorthy
85%
audience
81%
away
81%
cheer.
81%
death!
81%
desperate
81%
die?
81%
doubt
81%
fate
81%
fate,
81%
fifty
81%
his
81%
killed
81%
known.
81%
mate
81%
searching
81%
seems
81%
Seine,
81%
should
81%
someone
81%
Christianthere's
81%
ZidlerThere's
81%
this
81%
triangle
81%
wilder
81%
years.
81%
already
78%
around.
78%
bloated
78%
buys
78%
claims
78%
clothes.
78%
designed
78%
driven
78%
escape
78%
evil
78%
gangster
78%
gift
78%
knows.
78%
laugh
78%
life
78%
mad,
78%
make
78%
AllMAke
78%
most
78%
runs
78%
shape.
78%
store.
78%
taken
78%
town.
78%
uh...
78%
unhappy
78%
across
74%
art
74%
blames
74%
corpses
74%
cry.
74%
delighting,
74%
destiny!
74%
forevermore
74%
ZidlerFun
74%
happen
74%
ingenue,
74%
just
74%
malaise,
74%
many
74%
matador!
74%
other
74%
rough
74%
sands
74%
stomp
74%
them
74%
whole
74%
bodies
70%
crueller
70%
dreams
70%
girl
70%
intertwine...
70%
poor
70%
raconteur,
70%
reality.
70%
spent
70%
their
70%
spectacle
67%
unseat
67%
cad,
63%
determined
63%
lunacy!
63%
risk
63%
seas!
63%
swears
63%
devine
59%
Striding
59%
testament
59%
turbulent
59%
ventriloquist!
56%
savagery!
52%
voyaging
52%
rackateer
44%
lascivious
37%

Score Distribution

Percentile by Number Answered

Percent of People with Each Score

Your Score History

You have not taken this quiz